Collected poems and selected prose / (Record no. 118785)
[ view plain ]
| 000 -LEADER | |
|---|---|
| fixed length control field | 01001cam a2200325 a 4500 |
| 001 - CONTROL NUMBER | |
| control field | 652868 |
| 003 - CONTROL NUMBER IDENTIFIER | |
| control field | ARRUPE |
| 005 - DATE AND TIME OF LATEST TRANSACTION | |
| control field | 20131127135644.0 |
| 008 - FIXED-LENGTH DATA ELEMENTS--GENERAL INFORMATION | |
| fixed length control field | 880526s1988 enk b 001 0 eng d |
| 010 ## - LIBRARY OF CONGRESS CONTROL NUMBER | |
| LC control number | GB 88003301 |
| 015 ## - NATIONAL BIBLIOGRAPHY NUMBER | |
| National bibliography number | GB88-3301 |
| 020 ## - INTERNATIONAL STANDARD BOOK NUMBER | |
| International Standard Book Number | 0713990090 : |
| Terms of availability | £18.95 |
| 035 ## - SYSTEM CONTROL NUMBER | |
| System control number | (OCoLC)187322516 |
| 035 ## - SYSTEM CONTROL NUMBER | |
| System control number | (OCoLC)ocn187322516 |
| 035 ## - SYSTEM CONTROL NUMBER | |
| System control number | (CStRLIN)NYCG88-B38619 |
| 035 ## - SYSTEM CONTROL NUMBER | |
| System control number | (NNC)652868 |
| 040 ## - CATALOGING SOURCE | |
| Original cataloging agency | Uk |
| Transcribing agency | Uk |
| Modifying agency | DLC |
| -- | CStRLIN |
| -- | NNC |
| 050 ## - LIBRARY OF CONGRESS CALL NUMBER | |
| Classification number | PR4809.H15 |
| 090 ## - LOCALLY ASSIGNED LC-TYPE CALL NUMBER (OCLC); LOCAL CALL NUMBER (OCLC) | |
| Classification number (OCLC) (R) ; Classification number, CALL (RLIN) (NR) | PR4809.H15 |
| 300 ## - PHYSICAL DESCRIPTION | |
| Dimensions | 24 cm. |
| 100 1# - MAIN ENTRY--PERSONAL NAME | |
| Personal name | Housman, A. E. |
| Fuller form of name | (Alfred Edward), |
| Dates associated with a name | 1859-1936. |
| 9 (RLIN) | 4230 |
| 240 10 - UNIFORM TITLE | |
| Uniform title | <a href="Works.">Works.</a> |
| Form subheading | Selections. |
| Date of a work | 1988 |
| 245 10 - TITLE STATEMENT | |
| Title | Collected poems and selected prose / |
| Statement of responsibility, etc | A.E. Housman ; edited with an introduction and notes by Christopher Ricks. |
| 260 ## - PUBLICATION, DISTRIBUTION, ETC. (IMPRINT) | |
| Place of publication, distribution, etc | London : |
| Name of publisher, distributor, etc | A. Lane, Penguin Press, |
| Date of publication, distribution, etc | 1988. |
| 300 ## - PHYSICAL DESCRIPTION | |
| Extent | 528 p. ; |
| 500 ## - GENERAL NOTE | |
| General note | Includes index. |
| 504 ## - BIBLIOGRAPHY, ETC. NOTE | |
| Bibliography, etc | Bibliography: p. 521. |
| 700 1# - ADDED ENTRY--PERSONAL NAME | |
| Personal name | Ricks, Christopher, |
| Dates associated with a name | 1933- |
| 9 (RLIN) | 4231 |
| 942 ## - ADDED ENTRY ELEMENTS (KOHA) | |
| Source of classification or shelving scheme | Library of Congress Classification |
| Koha item type | Monograph ( Printed materials) |
| Withdrawn status | Lost status | Source of classification or shelving scheme | Damaged status | Not for loan | Collection code | Home library | Current library | Shelving location | Date acquired | Total Checkouts | Full call number | Barcode | Date last seen | Price effective from | Koha item type |
|---|---|---|---|---|---|---|---|---|---|---|---|---|---|---|---|
| Library of Congress Classification | Main Collection | ARRUPE LIBRARY | ARRUPE LIBRARY | Main Collection | 27/11/2013 | PR4809.H15 | 46410407 | 27/11/2013 | 27/11/2013 | Monograph ( Printed materials) |